00658nam a2200193Ia 4500008004100000020001400041082001500055100002500070245005900095250000700154260005600161300002900217500001900246600002100265650005000286942000700336952010600343999001500449240925s9999 xx 000 0 und d a201568943 a004.6 GPOH aGohring , Hans-Georg 0aPC-Host Communications: strategies for implementation  aNA aWokingham:bAddison-Wily Publishing Companyc,1994. aviii,326p.bNAfOriginal aIncludes Index aComputer Science aComputer science, information & general works cBK 011040708SEaUITUbUITUd2000-04-01eNAl0o004.6 GPOHpQ3232r2024-09-25 07:13:04w2024-09-25yBK c5731d5731